000 00415pab a2200157 454500
008 180718b1999 xxu||||| |||| 00| 0 eng d
100 _aRizvi, Hasan-Askari
245 _aPakistan in 1998: the polity under pressure
260 _c1999
300 _ap.177-84
362 _aJan-Feb
650 _aPakistan - Politics and government
650 _aPolitics and government
773 _aAsian Survey
909 _a41997
999 _c41997
_d41997